Design and equipment for Restaurants and food service: A management view (Record no. 164973)

MARC details
000 -LEADER
fixed length control field 00433nam a2200157Ia 4500
008 - FIXED-LENGTH DATA ELEMENTS--GENERAL INFORMATION
fixed length control field 230917s9999||||xx |||||||||||||| ||und||
040 ## - CATALOGING SOURCE
-- 195086
Original cataloging agency VIVEKANANDA LIBRARY
041 ## - Language
-- English
082 ## - DDC NUMBER
Classification number 647.94 K156D(3)
100 ## - MAIN ENTRY--PERSONAL NAME
Personal name Katysigris, Costas
245 #0 - TITLE STATEMENT
Title Design and equipment for Restaurants and food service: A management view
250 ## - EDITION STATEMENT
Edition statement 3rd ed.
260 ## - PUBLICATION, DISTRIBUTION, ETC. (IMPRINT)
Place of publication, distribution, etc Hoboken
Name of publisher, distributor, etc John Wiley
Date of publication, distribution, etc 2009
300 ## - PHYSICAL DESCRIPTION
Pages xvii, 603 p.
942 ## - ADDED ENTRY ELEMENTS (KOHA)
Koha item type Books
Holdings
Withdrawn status Lost status Damaged status Not for loan Location (home branch) Sublocation or collection (holding branch) Shelving location Date acquired Koha issues (times borrowed) Koha full call number Accession No. Koha date last seen Koha item type
        VIVEKANANDA LIBRARY VIVEKANANDA LIBRARY IHTM Library 21/12/2011   647.94 K156D(3) 303524 17/09/2023 Books
© Designed and Maintained by Vivekananda Library, MDU Rohtak